000 00582nam a2200193Ia 4500
005 20250423100152.0
008 250422s9999 xx 000 0 und d
020 _a9780702071997
050 _aQR 46 .M43/
100 _aEdited by Michael R. Barer; Will Irving; Andrew Swann & Nelun Perera
245 0 _aMedical microbiology: a guide to microbial infections: pathogenesis, immunity, laboratory investigation and control
250 _a19th ed.
260 _aElsevier
260 _bUK
260 _c2019
300 _a743 p
650 _a Medical microbiology.
942 _cBK
999 _c32488
_d32488